| 000 | 00760nam a2200253Ia 4500 | ||
|---|---|---|---|
| 003 | OSt | ||
| 005 | 20250709111536.0 | ||
| 008 | 210423s2005 xx 000 0 und d | ||
| 020 | _a8122901840 | ||
| 040 | _cAL | ||
| 041 | _aeng | ||
| 082 |
_a070.4 _bCRAT |
||
| 100 |
_aGilbert Cranberg _981950 |
||
| 245 |
_aTaking stock _b: journalism and the publicly traded newspaper company |
||
| 260 |
_aNew Delhi _bSurjeeth Publications _c2005 |
||
| 300 |
_aviii,203 _bPB |
||
| 365 |
_b195 _cINR |
||
| 650 |
_aJournalism _981951 |
||
| 650 |
_aJournalism & Media _981952 |
||
| 700 |
_aBezanson, Randall _9217863 |
||
| 700 |
_aSoloski, John _9217864 |
||
| 906 | _acompany. ; journalism ; newspaper ; publicly ; stock ; stock: ; Taking ; traded | ||
| 942 |
_2ddc _cBK |
||
| 999 |
_c155483 _d155483 |
||